000 00351cam a22001217a 4500
008 180718b1945 xxu||||| |||| 00| 0 eng d
082 _aT112x73 K969n
100 _aKuznets, Simon
245 _aNational product in wartime
_cby Simon Kuznets
260 _aNew York
_bNat. Bureau of Economic Research
_c1945
300 _a156p.
650 _aIncome - U.S.A.
999 _c479901
_d479901